La vida fraterna en comunidad: (Registro nro. 3066)

Detalles MARC
000 -Cabecera
Campo de control interno 00512nam a2200181Ia 4500
005 - Fecha y hora del registro
control field 20260306144853.0
008 - Elementos de Longitud Fija
fixed length control field 260306t1994||||xx |||||||||||||| ||spa||
041 ## - Idioma
Codigo Idioma ESP
082 ## - DEWEY y NOTACIÓN INTERNA
Dewey 248.8
Notación Interna C76
100 ## - AUTOR
Autor denominación Congregación para los Institutos de Vida Consagrada y las Sociedades de Vida Apostólica
Término de relación autor
245 #0 - TÍTULO DE MATERIAL BIBLIOGRÁFICO
Título La vida fraterna en comunidad:
Título paralelo congregavit nos in unum christi amor
260 ## - CIUDAD, EDITORIAL, AÑO
Año 1994
300 ## - DESCRIPCIÓN
N° Páginas
Dimensiones
650 ## - TEMAS
Temas Generalidades
654 ## - PROGRAMAS
Programa Dpto. de Humanidades
942 ## - ELEMENTOS DE KOHA
Tipo de documento Libro
Nombre del creador Justo Noguera
Código de catalogador Justo Noguera
Esquema de clasificación Dewey Decimal Classification
Suppress in OPAC
Existencias
Codigo completo Registro Colección Copia número Disponibilidad Tipo de préstamo Biblioteca Actual Procedencia (Biblioteca) Ubicacón Fecha Ingreso Tipo de Adquisición Date last seen Total checkouts Price effective from Tipo de Item Estado del Material Fuente de Clasificación Damaged status Withdrawn status
248.8 C76 U0003913 Universidad Católica San Pablo 1 Disponible Disponible Víctor Andrés Belaunde Víctor Andrés Belaunde Planta baja abierta 03/06/2026 Compra 06/03/2026   06/03/2026 Libro Bueno Dewey Decimal Classification